01011nam a2200109 4500008004100000100002500041245009900066260000900165300001300174520066400187773005000851190826b ||||| |||| 00| 0 eng d aPanday, Pranab Kumar aPublic participation in local governments in Bangladesh: experience, challenges and the future c2019 ap.85-96. aDespite constitutional guarantees of a clear separation of power between the central and local governments in Bangladesh, problems continue to lie in politicians not upholding the spirit of the decentralisation of power to the local level. This is one of the very few areas where consensus building among the ruling and opposition parties is possible, which could result in public participation in local governing processes becoming more active and meaningful than it has been to-date. The challenges involved have hindered the possibility of local governments contributing efficiently and effectively to the overall development of the country. - Reproduced.  aAsia Pacific Journal of Public Administration